| 000 | 00985nam0a22002411 4500 | ||
|---|---|---|---|
| 001 | rc\2267230 | ||
| 005 | 20260407094441.0 | ||
| 035 | _a(NLR Aleph) 006515930 | ||
| 090 |
_a6378961 _c6378961 |
||
| 100 | _a20110829d1979 |||y0rusy50 ca | ||
| 101 | 0 | _arus | |
| 102 | _aRU | ||
| 105 | _aa z ||||| | ||
| 200 | 1 |
_aПути получения высоких урожаев подсолнечника в Российской Федерации _e(Рекомендации) _fВНИИ маслич. культур им. В.С. Пустовойта |
|
| 210 |
_aМосква _cРоссельхозиздат _d1979 |
||
| 215 |
_a76 с. _cил. _d21 |
||
| 606 |
_aПодсолнечник _xВозделывание _yРСФСР _2psbo |
||
| 712 | 0 | 2 |
_aВНИИ масличных культур им. В. С. Пустовойта _cКраснодар _3RU\NLR\AUTH\889919784 _9335803 |
| 801 | 0 |
_aRU _bNLR _gpsbo |
|
| 801 | 1 |
_aRU _bELAR _2rusmarc |
|
| 852 |
_aNLR _j79-6/3185 |
||
| 942 | _cBOOK | ||
| 980 | _aNB | ||